[Event "Kuala Lumpur Merdeka rapid op"]
[Site "Kuala Lumpur"]
[Date "2019.09.01"]
[Round "1"]
[White "Chan, Jing Ying"]
[Black "Hakim, Nuh"]
[Result "0-1"]
[WhiteElo "1237"]
[BlackElo "2174"]
[PlyCount "68"]
[EventDate "2019.09.01"]
[EventType "swiss (rapid)"]
[EventRounds "7"]
[EventCountry "MAS"]
[SourceTitle "EXT 2020"]
[Source "ChessBase"]
[SourceDate "2019.10.17"]
[SourceVersion "1"]
[SourceVersionDate "2019.10.17"]
[SourceQuality "1"]

1. d4 f5 2. Nf3 Nf6 3. Bf4 d5 4. e3 e6 5. Bd3 Be7 6. Nbd2 0-0 7. 0-0 Bd7 8. c4 c6 9. c5 Be8 10. b4 Nh5 11. Bg3 Nxg3 12. hxg3 Nd7 13. Ne5 Nxe5 14. dxe5 b6 15. Rc1 bxc5 16. bxc5 Qa5 17. Qc2 Rb8 18. f4 Bd7 19. Nf3 Rb4 20. Qc3 Qa4 21. a3 Rb3 22. Bc2 Rxc3 23. Bxa4 Rxa3 24. Bd1 Rxe3 25. Re1 Rxe1+ 26. Nxe1 Rb8 27. Nd3 a5 28. Ra1 Bd8 29. Be2 Bc8 30. Nf2 Ra8 31. Nh3 a4 32. Bd1 a3 33. Ng5 Be7 34. Bb3 Bxc5+ 0-1